| 000 | 01327nam1a2200337 i 4500 | ||
|---|---|---|---|
| 001 | RU\NLR\bibl\289521 | ||
| 005 | 20260405094005.0 | ||
| 035 | _a(NLR Aleph) 000284921 | ||
| 090 |
_a1667768 _c1667768 |
||
| 100 | _a20020722g20019999e y0rusy50 ca | ||
| 101 | 0 |
_arus _aeng |
|
| 102 | _aRU | ||
| 105 | _a||||j ||||| | ||
| 200 | 1 |
_aЧитаем газету _dReading the newspaper _eУчеб. пособие по англ. яз. _fЗ.Н. Волкова _gУн-т Рос. акад. образования _zeng |
|
| 210 |
_aМ. _cИзд-во УРАО _d2001 |
||
| 215 | _d21 | ||
| 300 | _aАвт. также на англ. яз.: Z.N. Volkova | ||
| 463 | 0 | _1001284556 | |
| 463 | 0 | _1001284580 | |
| 463 | 0 | _1001286069 | |
| 463 | 0 | _1001286068 | |
| 510 | 1 |
_6z33790 _aReading the newspaper _zeng |
|
| 606 | 0 |
_aАнглийский язык _jУчебные издания _9972309 _3RU\NLR\auth\6646032 |
|
| 686 | _aШ143.21-93рус31 | ||
| 700 | 1 |
_4070 _8rus _7ca _aВолкова _bЗ. Н. _cд-р филол. наук _gЗлата Николаевна _3RU\NLR\auth\7732971 _915979 |
|
| 790 | 1 |
_4070 _8eng _7ba _aVolkova _bZ. N. _cд-р филол. наук _gZlata Nikolaevna _3RU\NLR\auth\7734811 _917812 |
|
| 801 | 0 |
_aRU _bNLR _c20020722 _gPSBO |
|
| 801 | 1 |
_aRU _bNLR _c20020722 |
|
| 852 |
_aNLR _j2002-5/3936 |
||
| 942 | _cBOOK | ||